000 01127nam0a2200301 4500
001 RU\NLR\bibl\823465
005 20260405080023.0
010 _a5-901494-05-9
_91000
021 _aRU
_b2005-31831
_91592
035 _a(NLR Aleph) 000812373
090 _a1249376
_c1249376
100 _a20050725d2005 |||y0rusy50 ca
101 1 _arus
_ceng
102 _aRU
105 _ay |||||||||
200 1 _aЧудеса Христовы
_fАрхиеп. Димитрий (Ройстер)
_g[пер. с англ. Виталия Пермякова]
210 _aТверь
_cГерменевтика
_d2005
215 _a125 с.
_d21
320 _aБиблиогр. в подстроч. примеч.
605 _aБиблия
_iНовый Завет
_xИсследование текста
_91153960
_3RU\NLR\auth\66142780
686 _aЭ37-220.2
700 0 _4070
_8rus
_7ca
_aДимитрий
_cРойстер
_cархиепископ Даласский
_3RU\NLR\auth\7727365
_910399
801 0 _aRU
_bNLR
_c20050725
_grcr
801 1 _aRU
_bNLR
_c20050725
942 _cBOOK
980 _aNB